Spectacular realities : early mass culture in fin-de-siècle Paris /

Bibliographic Details
Main Author: Schwartz, Vanessa R.
Format: Book
Language:English
Published: Berkeley : University of California Press, [1998]
Subjects:

MARC

Tag First Indicator Second Indicator Subfields
LEADER 00000cam a2200000 a 4500
001 in00001403387
005 20151020055510.0
008 970122s1998 cauab b s001 0beng
010 |a  97002201  
020 |a 0520209591 (cloth : alk. paper) 
035 |a (OCoLC)36284104 
035 |9 AHN4626AM 
040 |a DLC  |c DLC  |d C#P  |d TXA  |d UtOrBLW 
043 |a e-fr--- 
049 |a TXAM 
050 0 0 |a DC715  |b .S39 1998 
082 0 0 |a 944.06  |2 21 
100 1 |a Schwartz, Vanessa R. 
245 1 0 |a Spectacular realities :  |b early mass culture in fin-de-siècle Paris /  |c Vanessa R. Schwartz. 
264 1 |a Berkeley :  |b University of California Press,  |c [1998] 
264 4 |c ©1998 
300 |a xiii, 230 pages :  |b illustrations, map ;  |c 24 cm. 
336 |a text  |b txt  |2 rdacontent 
337 |a unmediated  |b n  |2 rdamedia 
338 |a volume  |b nc  |2 rdacarrier 
504 |a Includes bibliographical references (pages 205-221) and index. 
650 0 |a Popular culture  |z France  |z Paris  |x History  |y 19th century. 
651 0 |a France  |x Civilization  |y 19th century. 
650 0 |a Leisure industry  |z France  |z Paris. 
650 0 |a Spectacular, The  |x Government policy  |z France  |z Paris. 
948 |a c:ce 
999 |a MARS 
999 f f |s 88ee0276-a23b-3ea4-8557-c91f550ee1b6  |i bc7cdb47-84e2-328e-a4a3-53f88bce68af  |t 0 
952 f f |p normal  |a Texas A&M University  |b College Station  |c Sterling C. Evans Library  |s Evans stk  |d Evans: Library Stacks  |t 0  |e DC715 .S39 1998  |h Library of Congress classification  |i unmediated -- volume  |m A14822135006 
998 f f |a DC715 .S39 1998  |t 0  |l Evans: Library Stacks